| 000 | 01773cam a2200385 i 4500 | ||
|---|---|---|---|
| 001 | 000003202 | ||
| 003 | DO-SdBNP | ||
| 005 | 20251114140005.0 | ||
| 007 | ta | ||
| 008 | 030225s1999 dr b 001 0 spa d | ||
| 040 |
_aDO-SdBNP _bspa _cBNPHU _erda |
||
| 041 | _aspa | ||
| 082 | 4 |
_a343.097 _bM844r _222 |
|
| 100 |
_aMoreta Castillo, Américo, _d1956- _eautor _910120 _4aut. |
||
| 245 | 1 | 0 |
_aResponsabilidad del transportista aéreo de pasajeros / _cAmérico Moreta Castillo ; prólogo, Jorge A. Subero Isa. |
| 264 |
_aSanto Domingo : _bUNIBE, _c1999. |
||
| 300 |
_a184 páginas _c21 cm. |
||
| 336 |
_atexto _btxt _2rdacontent |
||
| 337 |
_asin mediación _bn _2rdamedia |
||
| 338 |
_avolumen _bnc _2rdacarrier |
||
| 490 | _aColección Ensayos jurídicos, Escuela de Derecho | ||
| 500 | _aIncluye notas al pie de las páginas. | ||
| 500 | _aIncluye referencias bibliográficas y notas al pie de las páginas | ||
| 504 | _aBibliografía: páginas 176-184. | ||
| 505 | _aPrólogo, 9 -- Introducción, 9 -- Primera parte. Capítulo I. El contracto de transporte aéreo internacional, 9 -- Segunda parte. (Parte especial), 67 -- Capítulo II. De la responsabilidad, 67 -- Capítulo III. De la reparación, 123 -- Capítulo IV. Limitación de la responsabilidad, 147 -- Conclusiones, 166 -- Epilogo, 170 -- Bibliografía, 176. | ||
| 590 | _aInventariado, 2018/VM | ||
| 650 | 4 |
_aAviación comercial _xLegislacion _93256 |
|
| 650 | 4 |
_aTransporte de pasajeros _910121 |
|
| 650 | 4 |
_aResponsabilidad por accidentes aéreos _910122 |
|
| 650 | 4 |
_aResponsabilidad (derecho) _910123 |
|
| 700 | 1 |
_aSubero Isa, Jorge A., _d1947- _eprologuista _976863 _4pr. |
|
| 710 | 2 |
_aUniversidad Iberoamericana (República Dominicana) _910124 |
|
| 910 | _aSaquino | ||
| 942 |
_2ddc _cLBS1 |
||
| 999 |
_c3033 _d3033 |
||